<?xml version="1.0" encoding="UTF-8"?>
<record
    xmlns:xsi="http://www.w3.org/2001/XMLSchema-instance"
    xsi:schemaLocation="http://www.loc.gov/MARC21/slim http://www.loc.gov/standards/marcxml/schema/MARC21slim.xsd"
    xmlns="http://www.loc.gov/MARC21/slim">

  <leader>01587nam0a2200337   4500</leader>
  <controlfield tag="001">RU\NLR\BIBL_A\016226957</controlfield>
  <controlfield tag="005">20250625001941.0</controlfield>
  <datafield tag="035" ind1=" " ind2=" ">
    <subfield code="a">(NLR Aleph) 016226957</subfield>
  </datafield>
  <datafield tag="090" ind1=" " ind2=" ">
    <subfield code="a">12755444</subfield>
    <subfield code="c">12755444</subfield>
  </datafield>
  <datafield tag="100" ind1=" " ind2=" ">
    <subfield code="a">20221202d1968    |||y0rusy50      ca</subfield>
  </datafield>
  <datafield tag="101" ind1="0" ind2=" ">
    <subfield code="a">ukr</subfield>
    <subfield code="a">rus</subfield>
  </datafield>
  <datafield tag="102" ind1=" " ind2=" ">
    <subfield code="a">RU</subfield>
  </datafield>
  <datafield tag="105" ind1=" " ind2=" ">
    <subfield code="a">y   ac  000zb</subfield>
  </datafield>
  <datafield tag="181" ind1=" " ind2="0">
    <subfield code="a">i4</subfield>
    <subfield code="b">axxe  </subfield>
  </datafield>
  <datafield tag="182" ind1=" " ind2="0">
    <subfield code="a">n</subfield>
  </datafield>
  <datafield tag="200" ind1="1" ind2=" ">
    <subfield code="a">&#x41B;. &#x41C;. &#x422;&#x43E;&#x43B;&#x441;&#x442;&#x43E;&#x439; i &#x443;&#x43A;&#x440;&#x430;&#xEF;&#x43D;&#x441;&#x44C;&#x43A;&#x430; &#x43B;i&#x442;&#x435;&#x440;&#x430;&#x442;&#x443;&#x440;&#x430;</subfield>
    <subfield code="e">(&#x431;i&#x431;&#x43B;i&#x43E;&#x433;&#x440;&#x430;&#x444;i&#x447;&#x43D;&#x438;&#x439; &#x43F;&#x43E;&#x43A;&#x430;&#x436;&#x447;&#x438;&#x43A;)</subfield>
    <subfield code="f">&#x41C;i&#x43D;i&#x441;&#x442;&#x435;&#x440;&#x441;&#x442;&#x432;&#x43E; &#x43A;&#x443;&#x43B;&#x44C;&#x442;&#x443;&#x440;&#x438; &#x423;&#x43A;&#x440;&#x430;&#xEF;&#x43D;&#x441;&#x44C;&#x43A;&#x43E;&#xEF; &#x420;&#x421;&#x420;, &#x41B;&#x44C;&#x432;i&#x432;&#x441;&#x44C;&#x43A;&#x430; &#x434;&#x435;&#x440;&#x436;&#x430;&#x432;&#x43D;&#x430; &#x43D;&#x430;&#x443;&#x43A;&#x43E;&#x432;&#x430; &#x431;i&#x431;&#x43B;i&#x43E;&#x442;&#x435;&#x43A;&#x430;</subfield>
    <subfield code="g">&#x441;&#x43A;&#x43B;&#x430;&#x43B;&#x430;: &#x404;. &#x41C;. &#x41B;&#x430;&#x437;&#x435;&#x431;&#x430;</subfield>
    <subfield code="g">&#x440;&#x435;&#x434;&#x430;&#x43A;&#x442;&#x43E;&#x440;: &#x41C;. &#x41F;. &#x413;&#x443;&#x43C;&#x435;&#x43D;&#x44E;&#x43A;</subfield>
  </datafield>
  <datafield tag="203" ind1=" " ind2=" ">
    <subfield code="a">&#x422;&#x435;&#x43A;&#x441;&#x442;</subfield>
    <subfield code="b">&#x432;&#x438;&#x437;&#x443;&#x430;&#x43B;&#x44C;&#x43D;&#x44B;&#x439;</subfield>
    <subfield code="c">&#x43D;&#x435;&#x43F;&#x43E;&#x441;&#x440;&#x435;&#x434;&#x441;&#x442;&#x432;&#x435;&#x43D;&#x43D;&#x44B;&#x439;</subfield>
  </datafield>
  <datafield tag="210" ind1=" " ind2=" ">
    <subfield code="a">&#x41B;&#x44C;&#x432;i&#x432;</subfield>
    <subfield code="c">[&#x431;. &#x438;.]</subfield>
    <subfield code="d">1968</subfield>
  </datafield>
  <datafield tag="215" ind1=" " ind2=" ">
    <subfield code="a">47, [1] &#x441;.</subfield>
    <subfield code="d">20</subfield>
  </datafield>
  <datafield tag="300" ind1=" " ind2=" ">
    <subfield code="a">&#x427;&#x430;&#x441;&#x442;&#x44C; &#x442;&#x435;&#x43A;&#x441;&#x442;&#x430; &#x440;&#x443;&#x441;.</subfield>
  </datafield>
  <datafield tag="309" ind1=" " ind2=" ">
    <subfield code="a">&#x420;&#x43E;&#x442;&#x430;&#x43F;&#x440;. &#x41B;&#x414;&#x41D;&#x411;</subfield>
  </datafield>
  <datafield tag="320" ind1=" " ind2=" ">
    <subfield code="a">I&#x43C;&#x435;&#x43D;. &#x43F;&#x43E;&#x43A;&#x430;&#x436;&#x447;.: &#x441;. 45-47</subfield>
  </datafield>
  <datafield tag="702" ind1=" " ind2="1">
    <subfield code="a">&#x41B;&#x430;&#x437;&#x435;&#x431;&#x430;</subfield>
    <subfield code="b">&#x404;. &#x41C;.</subfield>
    <subfield code="g">&#x404;&#x432;&#x434;&#x43E;&#x43A;&#x456;&#x44F; &#x41C;&#x438;&#x43A;&#x43E;&#x43B;&#x430;&#x457;&#x432;&#x43D;&#x430;</subfield>
    <subfield code="4">220</subfield>
  </datafield>
  <datafield tag="702" ind1=" " ind2="1">
    <subfield code="4">340</subfield>
    <subfield code="7">ca</subfield>
    <subfield code="8">ukr</subfield>
    <subfield code="a">&#x413;&#x443;&#x43C;&#x435;&#x43D;&#x44E;&#x43A;</subfield>
    <subfield code="b">&#x41C;. &#x41F;.</subfield>
    <subfield code="f">1918-1988</subfield>
    <subfield code="g">&#x41C;&#x438;&#x445;&#x430;&#x439;&#x43B;&#x43E; &#x41F;&#x440;&#x43E;&#x43A;&#x43E;&#x43F;&#x43E;&#x432;&#x438;&#x447;</subfield>
    <subfield code="9">254561</subfield>
    <subfield code="3">RU\NLR\AUTH\770254617</subfield>
  </datafield>
  <datafield tag="702" ind1=" " ind2="1">
    <subfield code="a">&#x422;&#x43E;&#x43B;&#x441;&#x442;&#x43E;&#x439;</subfield>
    <subfield code="b">&#x41B;. &#x41C;.</subfield>
    <subfield code="f">1828-1910</subfield>
    <subfield code="g">&#x41B;&#x435;&#x432; &#x41C;&#x438;&#x43A;&#x43E;&#x43B;&#x430;&#x439;&#x43E;&#x432;&#x438;&#x447;</subfield>
    <subfield code="3">RU\NLR\AUTH\770275573</subfield>
    <subfield code="4">280</subfield>
  </datafield>
  <datafield tag="712" ind1="0" ind2="2">
    <subfield code="4">570</subfield>
    <subfield code="7">ca</subfield>
    <subfield code="8">ukr</subfield>
    <subfield code="a">&#x41B;&#x44C;&#x432;i&#x432;&#x441;&#x44C;&#x43A;&#x430; &#x434;&#x435;&#x440;&#x436;&#x430;&#x432;&#x43D;&#x430; &#x43D;&#x430;&#x443;&#x43A;&#x43E;&#x432;&#x430; &#x431;i&#x431;&#x43B;i&#x43E;&#x442;&#x435;&#x43A;&#x430;</subfield>
    <subfield code="9">787447</subfield>
    <subfield code="3">RU\NLR\AUTH\880560087</subfield>
  </datafield>
  <datafield tag="852" ind1=" " ind2=" ">
    <subfield code="a">NLR</subfield>
    <subfield code="j">641/&#x422;-53</subfield>
  </datafield>
  <datafield tag="942" ind1=" " ind2=" ">
    <subfield code="c">BOOK</subfield>
  </datafield>
  <datafield tag="980" ind1=" " ind2=" ">
    <subfield code="a">NB</subfield>
  </datafield>
  <datafield tag="995" ind1=" " ind2=" ">
    <subfield code="5">2022-12-16</subfield>
    <subfield code="b">NLR01</subfield>
    <subfield code="c">NLR01</subfield>
    <subfield code="e">CSB</subfield>
    <subfield code="f">1-3670117</subfield>
    <subfield code="k">641/&#x422;-53</subfield>
    <subfield code="o">0</subfield>
    <subfield code="r">BOOK</subfield>
    <subfield code="s">64153_</subfield>
  </datafield>
</record>
